| 000 | 01075nam a2200253Ia 4500 | ||
|---|---|---|---|
| 003 | Ost | ||
| 005 | 20260507075411.0 | ||
| 008 | 260507s9999||||xx |||||||||||||| ||und|| | ||
| 020 | _a978977627449 | ||
| 040 | _cfsecg | ||
| 041 | _aara | ||
| 082 | _a600 | ||
| 100 |
_aتوفيق، رائف _eمؤلف |
||
| 245 | 0 |
_aمبادئ التسويق / _c رائف توفيق |
|
| 260 |
_aالقاهرة: _b, _c[دون تاريخ] |
||
| 300 |
_a462 صفحة؛ _bإيضاحات ؛ _c24 سم |
||
| 504 | _aالمراجع ص.462 | ||
| 520 | _aيضم مفهوم التسويق، البيئة التسويقية، الأسواق المنشودة، سلوك المشتري، بحوث التسويق وأنظمة المعلومات، المنتجات وأنواعها وخصائصها، تطوير المنتجات الجديدة، قنوات التوزيع، مؤسسات التسويق | ||
| 653 | _aأدارة المبيعات | ||
| 653 | _aالتسويق | ||
| 653 | _aالتسويق- البحوث | ||
| 700 |
_aمعلا، ناجي _eمؤلف ثانوي |
||
| 942 | _cكتاب | ||
| 999 |
_c44409 _d44409 |
||